Inverse methods in global biogeochemical cycles (Record no. 15710)
[ view plain ]
| 000 -LEADER | |
|---|---|
| fixed length control field | 00722nam a2200217Ia 4500 |
| 003 - CONTROL NUMBER IDENTIFIER | |
| control field | IN-BaIIA |
| 008 - FIXED-LENGTH DATA ELEMENTS--GENERAL INFORMATION | |
| fixed length control field | 211028s9999 xx 000 0 eng d |
| 020 ## - INTERNATIONAL STANDARD BOOK NUMBER | |
| International Standard Book Number | 0-87590-097-6 |
| 040 ## - CATALOGING SOURCE | |
| Transcribing agency | IIA Library |
| 080 ## - UNIVERSAL DECIMAL CLASSIFICATION NUMBER | |
| Universal Decimal Classification number | 577 |
| Item number | KAS |
| 245 #0 - TITLE STATEMENT | |
| Title | Inverse methods in global biogeochemical cycles |
| Statement of responsibility, etc. | edited by P. Kasibhatla…[et al.] |
| 260 ## - PUBLICATION, DISTRIBUTION, ETC. | |
| Place of publication, distribution, etc. | Washington |
| Name of publisher, distributor, etc. | American Geophysical Union |
| Date of publication, distribution, etc. | 2000 |
| 300 ## - PHYSICAL DESCRIPTION | |
| Extent | vii, 324p. |
| 490 ## - SERIES STATEMENT | |
| Series statement | Geophyical monograph; 114 |
| 650 ## - SUBJECT ADDED ENTRY--TOPICAL TERM | |
| Topical term or geographic name entry element | Global biogeochemical cycles |
| 9 (RLIN) | 28952 |
| 650 ## - SUBJECT ADDED ENTRY--TOPICAL TERM | |
| Topical term or geographic name entry element | Tracer assimilation |
| 9 (RLIN) | 28953 |
| 700 ## - ADDED ENTRY--PERSONAL NAME | |
| Personal name | Heimann, M., ed. |
| 9 (RLIN) | 28954 |
| 700 ## - ADDED ENTRY--PERSONAL NAME | |
| Personal name | Mahowald, N., ed. |
| 9 (RLIN) | 28955 |
| 700 ## - ADDED ENTRY--PERSONAL NAME | |
| Personal name | Rayner, P., ed. |
| 9 (RLIN) | 28956 |
| 942 ## - ADDED ENTRY ELEMENTS (KOHA) | |
| Koha item type | Books |
| 952 ## - LOCATION AND ITEM INFORMATION (KOHA) | |
| -- | 68.00 |
| Withdrawn status | Lost status | Damaged status | Not for loan | Home library | Current library | Shelving location | Date acquired | Source of acquisition | Total Checkouts | Full call number | Barcode | Date last seen | Price effective from | Koha item type |
|---|---|---|---|---|---|---|---|---|---|---|---|---|---|---|
| IIA Library-Bangalore | IIA Library-Bangalore | General Stacks | 21/08/2004 | AGU | 577/ KAS | 16632 | 05/11/2021 | 21/08/2004 | Books |